Statistiken für Primzahlen von 1 bis 100

Klicken Sie hier um das Quiz zu spielen!

Allgemein

  • Dieses Quiz wurde 14.473 mal gespielt
  • Das Durchschnittsergebnis liegt bei 15 aus 25

Antwortstatistiken

Primzahlen% Korrekt
2
99%
3
99%
7
99%
5
98%
13
97%
11
96%
17
96%
19
92%
23
91%
29
82%
31
79%
37
72%
41
57%
43
53%
47
50%
53
38%
59
31%
61
28%
67
26%
71
23%
73
22%
97
20%
79
19%
83
19%
89
18%

Verteilung der Resultate

Perzentil nach korrekt beantworteten Fragen

Anzahl Personen mit jedem Resultat

Ihre Resultats-Entwicklung

Sie haben dieses Quiz noch nicht gespielt